000 00451 a2200169 4500
020 _a1580539459
040 _aDLC
_bDLC
082 _a681.2
100 1 _aNawrocki, Waldemar.
245 1 0 _aMeasurement systems and sensors
_cWaldemar Nawrocki.
260 _aBoston :
_bArtech House,
_c2005.
300 _a325 p. :
_bill. ;
_c24 cm.
650 0 _aElectronic instruments.
650 0 _aMensuration.
650 0 _aDetectors.
942 _cBK
_k681.2 NAW
_2ddc
999 _c8722
_d8722